| 000 | 00543nam a2200133Ia 4500 | ||
|---|---|---|---|
| 008 | 220616s9999||||xx |||||||||||||| ||und|| | ||
| 022 | _a21919925 | ||
| 100 | _aBraumüller, Jochen | ||
| 245 | 0 | _aQuantum simulation experiments with superconducting circuits | |
| 546 | _aEnglish[eng] | ||
| 650 | _aFestkörperphysik||superconductivity||quantum bit||solid state physics||Quantensimulation||Quantenbits||Quantenmechanik||Supraleitung||quantum computation||Quantum simulation | ||
| 856 | _uhttps://www.ksp.kit.edu/9783731507802 | ||
| 942 | _cEB | ||
| 999 |
_c19985 _d19985 |
||